000 00499nab a2200145Ia 4500
003 ES-SlBCS
005 20210601125233.0
008 140529s1974 xxu||||| |||| 00| 0 eng d
041 _aeng
100 1 _aPitte, Frédérick P. Van de
_9155805
245 0 0 _aReservations on a Post-Wittgensteinian View of Descartes
_c Frédérick P. Van de Pitte
600 1 4 _aWittgenstein-Descartes
_9155806
773 0 _tPhilosophy and Phenomenological Research
_gvol. 35, 1974, págs. 107-112
_wRev1411
942 _cAR
999 _c527020
_d527020